| 000 | 00455nam a2200169 4500 | ||
|---|---|---|---|
| 001 | 22296 | ||
| 005 | 20230410143321.0 | ||
| 008 | 060907n19uu dr spa | ||
| 035 | _9funglode22459 | ||
| 041 | _aES | ||
| 050 | 1 | 4 | _aYSL |
| 100 | _aRodriguez, José Ramón | ||
| 245 | 1 |
_aExpanción hurbana para la ciudad de Santo Domingo / _cJosé Ramón Rodriguez |
|
| 260 |
_aSanto Domingo : _b[s.n.], _c[s.f.] |
||
| 300 | _ap.v. | ||
| 942 |
_2lcc _cbk |
||
| 999 |
_c99433 _d99433 |
||